| 000 | 00326nam a22001457a 4500 | ||
|---|---|---|---|
| 020 | _qPB. | ||
| 040 | _cFIZZA ISHAQ | ||
| 082 |
_a621.382 _bRAI |
||
| 100 |
_aHANDEL,RAINER. _989189 |
||
| 245 |
_aATM NET WORKS / _cRAINER HANDEL. |
||
| 250 | _a3rd ED. | ||
| 260 |
_aPEARSON ; _c1999. |
||
| 300 | _a327 P. ; | ||
| 942 |
_2ddc _cBK |
||
| 999 |
_c588002 _d588002 |
||